| 000 | 00692nam a22002057a 4500 | ||
|---|---|---|---|
| 003 | DO-SdBNP | ||
| 005 | 20210830141930.0 | ||
| 008 | 210825b 2021 dr 00| 0 eng d | ||
| 020 | _a9789945627428 | ||
| 040 |
_aDO-SdBNP _bspa _cBNPHU |
||
| 100 | 1 |
_aGuzmán González,Daniel _979586 |
|
| 245 | 1 |
_aAportes de tres gobiernos al sistema de salud dominicano / _cDaniel Guzmán González |
|
| 260 |
_aSanto Domingo : _bSantuario ; _c2021. |
||
| 300 |
_a479 . p ; _c23 cm. |
||
| 500 | _aIncluye datos biográficos del autor en las solapas | ||
| 504 | _aIncluye referencias bibliográficas y notas al pie de las páginas | ||
| 590 | _aInventariado, 2021-BT | ||
| 910 | _aBtavárez | ||
| 942 |
_2ddc _cLBS1 |
||
| 999 |
_c50290 _d50290 |
||